200k+ First Level Subdivision Capitals - Statistics

General Stats
  • This quiz has been taken 84 times
    70 since last reset
  • The average score is 530 of 1053
Answers on the Map
Answers color-coded by a green-red scale on the quiz's map according to % correct below.
 
Answer Stats
Country Type Subdivison % Correct
Algeria Province ________ Algiers
92%
Portugal District ________ Lisbon
92%
France Region Île-de-France Paris
92%
Portugal District ________ Porto
92%
Israel District ________ Tel Aviv
92%
Canada Province Ontario Toronto
92%
United Arab Emirates Emirate ________ Abu Dhabi
88%
Ethiopia City ________ Addis Ababa
88%
Ethiopia Region Oromia Addis Ababa
88%
Egypt Province ________ Alexandria
88%
Turkey Province ________ Ankara
88%
Greece Administration Attica Athens
88%
New Zealand Province ________ Auckland
88%
Spain Community Catalonia Barcelona
88%
Venezuela State Anzoátegui Barcelona
88%
China Municipality ________ Beijing
88%
Lebanon Province ________ Beirut
88%
United States State Idaho Boise
88%
United States State Massachusetts Boston
88%
Australia State Queensland Brisbane
88%
Argentina City ________ Buenos Aires
88%
Egypt Province ________ Cairo
88%
South Africa Province Western Cape Cape Town
88%
Bangladesh Division ________ Dhaka
88%
Djibouti Region ________ Djibouti
88%
Qatar Municipality ________ Doha
88%
United Arab Emirates Emirate ________ Dubai
88%
Ireland City ________ Dublin
88%
United Kingdom Country Scotland Edinburgh
88%
Canada Province Nova Scotia Halifax
88%
Vietnam Municipality ________ Hà Nội
88%
Cuba Province ________ Havana
88%
United States State Hawaii Honolulu
88%
Turkey Province ________ Istanbul
88%
Jamaica Parish ________ Kingston
88%
United Kingdom Country England London
88%
France Region Provence-Alpes-Côte d'Azur Marseille
88%
Saudi Arabia Region ________ Mecca
88%
Australia State Victoria Melbourne
88%
Bahamas District New Providence Nassau
88%
Australia State Western Australia Perth
88%
Haiti Department Ouest Port-au-Prince
88%
North Korea Direct-administered City ________ Pyongyang
88%
Morocco Region ________ Rabat
88%
Iceland Municipality ________ Reykjavík
88%
Latvia City ________ Rīga
88%
Brazil State ________ Rio de Janeiro
88%
Saudi Arabia Region ________ Riyadh
88%
Chile Region ________ Santiago
88%
Cuba Province ________ Santiago de Cuba
88%
Argentina Province ________ Santiago del Estero
88%
Dominican Republic Province ________ Santiago de los Caballeros
88%
South Korea Province ________ Seoul
88%
China Municipality ________ Shanghai
88%
Bulgaria Province ________ Sofia
88%
Bulgaria Province ________ Sofia
88%
Australia State New South Wales Sydney
88%
Iran Province ________ Tehran
88%
Japan Prefecture ________ Tokyo | Shinyuku
88%
New Zealand Province ________ Wellington
88%
Armenia Municipality ________ Yerevan
88%
Croatia City ________ Zagreb
88%
Croatia County ________ Zagreb
88%
Ghana Region Greater Accra Accra
85%
Australia State South Australia Adelaide
85%
Jordan Province ________ Amman
85%
United States State Georgia Atlanta
85%
United States State Texas Austin
85%
Azerbaijan City ________ Baku
85%
India State Karnataka Bangalore
85%
Thailand Area ________ Bangkok
85%
United Kingdom Province Northern Ireland Belfast
85%
Germany State ________ Berlin
85%
France Region Nouvelle-Aquitaine Bordeaux
85%
Brazil District Federal District Brasília
85%
Slovakia Region ________ Bratislava
85%
Romania Municipality ________ Bucharest
85%
Hungary County ________ Budapest
85%
Hungary County Pest Budapest
85%
Australia Territory Australian Capital Territory Canberra
85%
Venezuela District ________ Caracas
85%
United Kingdom Country Wales Cardiff
85%
Morocco Region ________ Casablanca
85%
India State Tamil Nadu Chennai
85%
United States State Colorado Denver
85%
Canada Province Alberta Edmonton
85%
China Province Guangdong Guangzhou
85%
Guatemala Department ________ Guatemala City
85%
Vietnam Municipality ________ Hồ Chí Minh City
85%
Finland Region Uusimaa Helsinki
85%
China Special Region ________ Hong Kong
85%
United States State ________ Indianapolis
85%
Indonesia Province ________ Jakarta
85%
Israel District ________ Jerusalem
85%
South Africa Province Gauteng Johannesburg
85%
Ukraine City ________ Kiev
85%
Ukraine Region ________ Kiev
85%
Malaysia Territory ________ Kuala Lumpur
85%
Bolivia Department ________ La Paz
85%
Mexico State Baja California Sur La Paz
85%
Peru Province ________ Lima
85%
France Region Auvergne-Rhône-Alpes Lyon
85%
Spain Community ________ Madrid
85%
Mexico District ________ Mexico City
85%
Italy Region Lombardy Milan
85%
Russia City ________ Moscow
85%
Russia Region ________ Moscow
85%
India State Maharashtra Mumbai | Nagpur
85%
Germany State Bavaria Munich
85%
Kenya County ________ Nairobi
85%
Italy Region Campania Naples
85%
Norway Region ________ Oslo
85%
Norway Region Viken Oslo | Drammen | Sarpsborg
85%
Panama Province ________ Panama City
85%
United States State Arizona Phoenix
85%
Czech Republic Region Central Bohemia Prague
85%
Czech Republic Region ________ Prague
85%
Canada Province ________ Quebec
85%
United States State North Carolina Raleigh
85%
Italy Region Lazio Rome
85%
United States State California Sacramento
85%
United States State Minnesota Saint Paul
85%
Yemen Municipality Amanat Al Asimah Sana'a
85%
Yemen Province ________ Sana'a
85%
Costa Rica Province ________ San José
85%
Argentina Province ________ San Juan
85%
United States Territory Puerto Rico San Juan
85%
Dominican Republic District Distrito Nacional Santo Domingo
85%
Ecuador Province ________ Santo Domingo de los Colorados
85%
Dominican Republic Province ________ Santo Domingo Este
85%
Brazil State ________ São Paulo
85%
Bosnia and Herzegovina Division Federation of Bosnia and Herzegovina Sarajevo
85%
Sweden County ________ Stockholm
85%
Estonia County Harju Tallinn
85%
Albania County ________ Tirana
85%
Lebanon Province North Tripoli
85%
Libya District ________ Tripoli
85%
Tunisia Province ________ Tunis
85%
Poland Province Masovia Warsaw
85%
United States District ________ Washington DC
85%
Switzerland Canton ________ Zürich
85%
Paraguay District ________ Asunción
81%
Iraq Province ________ Baghdad
81%
Italy Region Apulia Bari
81%
United States State Louisiana Baton Rouge
81%
Serbia City ________ Belgrade
81%
Colombia Department Cundinamarca Bogotá
81%
Colombia District Capital District Bogotá
81%
South Korea Province ________ Busan
81%
China Province Sichuan Chengdu
81%
New Zealand Province Canterbury Christchurch
81%
Mexico State Tamaulipas Ciudad Victoria
81%
Sri Lanka Province Western Colombo
81%
United States State Ohio Columbus
81%
Senegal Region ________ Dakar
81%
Syria Province ________ Damascus
81%
Tanzania Region ________ Dar es Salaam
81%
United States State Iowa Des Moines
81%
Mexico State ________ Durango
81%
Morocco Region ________ Fès
81%
Italy Region Tuscany Florence
81%
Switzerland Canton ________ Geneva
81%
Germany State ________ Hamburg
81%
Argentina Province ________ Jujuy
81%
Afghanistan Province ________ Kabul
81%
Democratic Republic of the Congo Province ________ Kinshasa
81%
India State West Bengal Kolkata
81%
Japan Prefecture ________ Kyoto
81%
United States State Arkansas Little Rock
81%
Slovenia City ________ Ljubljana
81%
Angola Province ________ Luanda
81%
United States State Wisconsin Madison
81%
Philippines Region National Capital Manila
81%
Saudi Arabia Region ________ Medina
81%
Belarus City ________ Minsk
81%
Belarus Region ________ Minsk
81%
Uruguay Departament ________ Montevideo
81%
United States State Tennessee Nashville
81%
India Territory ________ New Delhi
81%
Taiwan Municipality ________ New Taipei
81%
Ukraine Region ________ Odessa
81%
Japan Prefecture ________ Ōsaka
81%
Italy Region Sicily Palermo
81%
Ecuador Province Pichincha Quito
81%
Brazil State Pernambuco Recife
81%
United States State Virginia Richmond
81%
Russia City ________ Saint Petersburg
81%
Russia Region Leningrad Saint Petersburg
81%
El Salvador Department ________ San Salvador
81%
Spain Community Canary Islands Santa Cruz de Tenerife | Las Palmas de Gran Canaria
81%
Spain Community Andalusia Seville
81%
Taiwan Municipality ________ Taipei
81%
Georgia Municipality ________ Tbilisi
81%
Spain Community ________ Valencia
81%
Venezuela State Carabobo Valencia
81%
Turkey Province ________ Van
81%
Italy Region ________ Venice
81%
Canada Province British Columbia Victoria
81%
Austria State ________ Vienna
81%
Lithuania County ________ Vilnius
81%
Namibia Region Khomas Windhoek
81%
Canada Province Manitoba Winnipeg
81%
China Province Hubei Wuhan
81%
China Province Shaanxi Xi'an
81%
Belgium Province ________ Antwerp
77%
Brazil State Minas Gerais Belo Horizonte
77%
Algeria Province ________ Biskra
77%
Moldova Municipality ________ Chișinău
77%
East Timor Municipality ________ Dili
77%
Sierra Leone Area Western Freetown
77%
Italy Region Liguria Genoa
77%
Sweden County Västra Götaland Gothenburg | Vänersborg
77%
Mexico State Jalisco Guadalajara
77%
Zimbabwe Province ________ Harare
77%
Japan Prefecture ________ Hiroshima
77%
Australia State Tasmania Hobart
77%
India State Telangana Hyderabad
77%
Turkey Province ________ İzmir
77%
Rwanda Province ________ Kigali
77%
Poland Province Lesser Poland Kraków
77%
Pakistan Province Punjab Lahore
77%
United States State Nebraska Lincoln
77%
China Special Region ________ Macau
77%
Brazil State Amazonas Manaus
77%
Japan Prefecture ________ Nagasaki
77%
France Region Pays de la Loire Nantes
77%
Kazakhstan City ________ Nur-Sultan
77%
United States State ________ Oklahoma City
77%
Algeria Province ________ Oran
77%
Papua New Guinea District ________ Port Moresby
77%
Papua New Guinea Province Central Port Moresby
77%
Brazil State Rio Grande do Sul Porto Alegre
77%
Japan Prefecture Hokkaido Sapporo
77%
France Region Grand Est Strasbourg
77%
Germany State Baden-Württemberg Stuttgart
77%
Uzbekistan City ________ Tashkent
77%
Netherlands Province South Holland The Hague
77%
China Municipality ________ Tianjin
77%
France Region Occitanie Toulouse
77%
Italy Region Piedmont Turin
77%
Mongolia Municipality ________ Ulaanbaatar
77%
Cameroon Region Central Yaoundé
77%
Turkey Province ________ Antalya
73%
Madagascar Province Analamanga Antananarivo | Renivohitra
73%
Turkmenistan District ________ Ashgabat
73%
Eritrea Region Maekel Asmara
73%
Kyrgyzstan City ________ Bishkek
73%
Kyrgyzstan Region Chuy Bishkek
73%
South Africa Province Free State Bloemfontein
73%
Republic of the Congo Department ________ Brazzaville
73%
Colombia Department Valle del Cauca Cali
73%
China Municipality ________ Chongqing
73%
Tanzania Region ________ Dodoma
73%
Ukraine Region ________ Donetsk
73%
Tajikistan Region Districts under Central Government Jurisdiction Dushanbe
73%
Tajikistan Region ________ Dushanbe
73%
Brazil State Ceará Fortaleza
73%
Botswana City ________ Gaborone
73%
Israel District ________ Haifa
73%
Pakistan Territory ________ Islamabad
73%
Uganda District ________ Kampala
73%
Pakistan Province Sindh Karachi
73%
Ukraine Region ________ Kharkiv
73%
Sudan State ________ Khartoum
73%
Poland Province ________ Łódź
73%
Zambia Province ________ Lusaka
73%
Ukraine Region ________ Lviv
73%
Mozambique City ________ Maputo
73%
Morocco Region ________ Marrakesh
73%
Somalia Region Banaadir Mogadishu
73%
Kenya County ________ Mombasa
73%
Mexico State Nuevo León Monterrey
73%
United States State Alabama Montgomery
73%
Russia Region ________ Nizhny Novgorod
73%
Spain Community Balearic Islands Palma
73%
Suriname District ________ Paramaribo
73%
Brazil State Bahia Salvador
73%
Bolivia Department ________ Santa Cruz de la Sierra
73%
Singapore Council Central Singapore Singapore
73%
Singapore Council North East Singapore
73%
Singapore Council North West Singapore
73%
Singapore Council South East Singapore
73%
Singapore Council South West Singapore
73%
Greece Administration Macedonia and Thrace Thessaloniki
73%
China Region Xinjiang Uyghur Ürümqi
73%
Myanmar Region ________ Yangon
73%
Ivory Coast District ________ Abidjan
69%
Kazakhstan City ________ Almaty
69%
Mali District ________ Bamako
69%
Brunei District Brunei-Muara Bandar Seri Begawan
69%
Indonesia Province West Java Bandung
69%
Brazil State Pará Belém
69%
Norway Region Vestland Bergen
69%
Italy Region Emilia-Romagna Bologna
69%
Germany State ________ Bremen
69%
Czech Republic Region South Moravia Brno
69%
Bangladesh Division ________ Chittagong
69%
Paraguay Departament Alto Paraná Ciudad del Este
69%
Argentina Province ________ Córdoba
69%
Germany State Saxony Dresden
69%
Germany State North Rhine-Westphalia Düsseldorf
69%
Poland Province Pomerania Gdańsk
69%
Belgium Province East Flanders Ghent
69%
Ecuador Province Guayas Guayaquil
69%
China Province Zhejiang Hangzhou
69%
Germany State Lower Saxony Hanover
69%
India State Rajasthan Jaipur
69%
South Sudan State Central Equatoria Juba
69%
Nigeria State ________ Kano
69%
Poland Province Silesia Katowice
69%
Gabon Province Estuaire Libreville
69%
Malawi Region Central Lilongwe
69%
India State Uttar Pradesh Lucknow
69%
Egypt Province ________ Luxor
69%
Sweden County Skåne Malmö | Kristianstad
69%
Nicaragua Department ________ Managua
69%
Colombia Department Antioquia Medellín
69%
China Province Jiangsu Nanjing
69%
Myanmar Territory ________ Naypyidaw
69%
Niger Region ________ Niamey
69%
Cambodia Province ________ Phnom Penh
69%
Benin Department Ouémé Porto-Novo
69%
Canada Province Saskatchewan Regina
69%
Russia Region Rostov Rostov-on-Don
69%
North Macedonia Municipality Aerodrom Skopje
69%
North Macedonia Municipality Butel Skopje
69%
North Macedonia Municipality Čair Skopje
69%
North Macedonia Municipality Centar Skopje
69%
North Macedonia Municipality Gazi Baba Skopje
69%
North Macedonia Municipality Gjorče Petrov Skopje
69%
North Macedonia Municipality Karpoš Skopje
69%
North Macedonia Municipality Kisela Voda Skopje
69%
North Macedonia Municipality Saraj Skopje
69%
North Macedonia Municipality Šuto Orizari Skopje
69%
Indonesia Province East Java Surabaya
69%
Russia Region ________ Volgograd
69%
Poland Province Lower Silesia Wrocław
69%
Syria Province ________ Aleppo
65%
Iraq Province Maysan Amarah
65%
Central African Republic Commune ________ Bangui
65%
Iraq Province ________ Basra
65%
Libya District ________ Benghazi
65%
Belarus Region ________ Brest
65%
Mexico State ________ Chihuahua
65%
Guinea Region ________ Conakry
65%
Indonesia Province Bali Denpasar
65%
Japan Prefecture ________ Fukuoka
65%
Austria State Styria Graz
65%
Netherlands Province ________ Groningen
65%
China Province Heilongjiang Harbin
65%
Nigeria State Oyo Ibadan
65%
Iran Province ________ Isfahan
65%
Russia Region ________ Kaliningrad
65%
Lithuania County ________ Kaunas
65%
Germany State Schleswig-Holstein Kiel
65%
Russia Territory ________ Krasnodar
65%
China Region Tibet Lhasa
65%
France Region Hauts-de-France Lille
65%
Austria State Upper Austria Linz
65%
Togo Region Maritime Lomé
65%
Myanmar Region ________ Mandalay
65%
Mexico State Baja California Mexicali
65%
Russia Region ________ Murmansk
65%
Japan Prefecture Aichi Nagoya
65%
Russia Region ________ Novosibirsk
65%
Russia Region ________ Samara
65%
Ukraine City ________ Sevastopol
65%
Bolivia Department Chuquisaca Sucre
65%
Finland Region Pirkanmaa Tampere
65%
Morocco Region ________ Tangier
65%
Honduras Department Francisco Morazán Tegucigalpa
65%
Italy Region Friuli-Venezia Giulia Trieste
65%
Bulgaria Province ________ Varna
65%
Brazil State Espírito Santo Vitória
65%
Spain Community Basque Vitoria-Gasteiz
65%
Russia Territory Primorsky Vladivostok
65%
Russia Region Sverdlovsk Yekaterinburg
65%
Russia Republic Mari El Yoshkar-Ola
65%
Spain Community Aragon Zaragoza
65%
Yemen Province ________ Aden
62%
Nigeria State Edo Benin City
62%
Guinea-Bissau Sector ________ Bissau
62%
Colombia Department Bolívar Cartagena
62%
Romania County ________ Cluj-Napoca
62%
Romania County ________ Constanța
62%
Brazil State Paraná Curitiba
62%
South Korea Province ________ Daegu
62%
Iraq Province ________ Erbil
62%
Belarus Region ________ Gomel
62%
Turkey Province ________ Konya
62%
China Province Yunnan Kunming
62%
Iraq Province Wasit Kut
62%
Ukraine Region ________ Luhansk
62%
Indonesia Province North Sumatra Medan
62%
Mexico State Yucatán Mérida
62%
Venezuela State ________ Mérida
62%
Chad Region ________ N'Djamena
62%
Russia Region ________ Omsk
62%
Czech Republic Region Moravia-Silesia Ostrava
62%
Burkina Faso Region Centre Ouagadougou
62%
Finland Region North Ostrobothnia Oulu
62%
Greece Administration Peloponnese, Western Greece and the Ionian Patras
62%
Russia Territory ________ Perm
62%
Bulgaria Province ________ Plovdiv
62%
Poland Province Greater Poland Poznań
62%
Mexico State ________ Puebla
62%
France Region Brittany Rennes
62%
Argentina Province ________ San Luis
62%
Argentina Province ________ San Miguel de Tucumán
62%
Poland Province West Pomerania Szczecin
62%
Myanmar State Shan Taunggyi
62%
Russia Republic Bashkortostan Ufa
62%
Netherlands Province ________ Utrecht
62%
Laos Prefecture ________ Vientiane
62%
Russia Region ________ Voronezh
62%
Ivory Coast District ________ Yamoussoukro
62%
Ivory Coast Region Bélier Yamoussoukro
62%
Turkey Province ________ Adana
58%
Colombia Department Atlántico Barranquilla
58%
Poland Province Podlaskie Białystok
58%
Burundi Province ________ Bujumbura
58%
Philippines Region Central Visayas Cebu
58%
Chile Region Biobío Concepción
58%
Peru Departament ________ Cusco
58%
Vietnam Municipality ________ Đà Nẵng
58%
Ukraine Region ________ Dnipro
58%
Cameroon Region Littoral Douala
58%
Romania County ________ Iași
58%
South Korea Province ________ Incheon
58%
Peru Departament Loreto Iquitos
58%
South Korea Province ________ Jeju
58%
Russia Republic Tatarstan Kazan
58%
Ukraine Region ________ Kherson
58%
Slovakia Region ________ Košice
58%
Poland Province ________ Lublin
58%
Venezuela State Zulia Maracaibo
58%
Iran Province Razavi Khorasan Mashhad
58%
Iraq Province Nineveh Mosul
58%
Spain Community ________ Murcia
58%
China Region Guangxi Nanning
58%
Brazil State Rio Grande do Norte Natal
58%
Serbia District South Bačka Novi Sad
58%
Spain Community Asturias Oviedo
58%
Spain Community Navarre Pamplona
58%
Nigeria State Rivers Port Harcourt
58%
Egypt Province ________ Port Said
58%
Sudan State Red Sea Port Sudan
58%
Brazil State Maranhão São Luís
58%
Tunisia Province ________ Sfax
58%
Norway Region Rogaland Stavanger
58%
Egypt Province ________ Suez
58%
Iran Province East Azerbaijan Tabriz
58%
Spain Community Castile and León Valladolid
58%
Japan Prefecture Kanagawa Yokohama
58%
Tanzania Region Mjini Magharibi Zanzibar
58%
China Province Henan Zhengzhou
58%
Morocco Region Souss-Massa Agadir
54%
Russia Region ________ Arkhangelsk
54%
Russia Region ________ Astrakhan
54%
Turkey Province ________ Bursa
54%
China Province Hunan Changsha
54%
Russia Region ________ Chelyabinsk
54%
Ukraine Region ________ Chernihiv
54%
Philippines Region ________ Davao
54%
Hungary County Hajdú-Bihar Debrecen
54%
Germany State Thuringia Erfurt
54%
China Province Fujian Fuzhou
54%
Brazil State Goiás Goiânia
54%
Belarus Region ________ Grodno
54%
Netherlands Province North Holland Haarlem
54%
Syria Province ________ Hama
54%
Afghanistan Province ________ Herat
54%
Vietnam Municipality ________ Hải Phòng
54%
Syria Province ________ Homs
54%
Russia Region ________ Irkutsk
54%
Afghanistan Province ________ Kandahar
54%
Iraq Province ________ Kirkuk
54%
Japan Prefecture Hyōgo Kōbe
54%
Ghana Region Ashanti Kumasi
54%
Russia Region ________ Kursk
54%
Democratic Republic of the Congo Province Haut-Katanga Lubumbashi
54%
Germany State Saxony-Anhalt Magdeburg
54%
Germany State Rhineland-Palatinate Mainz
54%
Lesotho District ________ Maseru
54%
Japan Prefecture Okinawa Naha
54%
Iran Province ________ Qom
54%
Uzbekistan Region ________ Samarqand
54%
Russia Region ________ Saratov
54%
Japan Prefecture Miyagi Sendai
54%
China Province Liaoning Shenyang
54%
Iran Province Fars Shiraz
54%
Romania County ________ Timișoara
54%
Russia Region ________ Tula
54%
Mexico State Chiapas Tuxtla Gutiérrez
54%
Russia Republic Buryatia Ulan-Ude
54%
Russia Republic Sakha Yakutsk
54%
Ukraine Region ________ Zaporizhia
54%
Peru Departament ________ Arequipa
50%
Turkey Province ________ Batman
50%
Russia Region ________ Belgorod
50%
Malawi Region Southern Blantyre
50%
Angola Province ________ Cabinda
50%
Algeria Province ________ Constantine
50%
Benin Department Littoral Cotonou
50%
Azerbaijan City ________ Ganja
50%
Turkey Province ________ Gaziantep
50%
Egypt Province ________ Giza
50%
Russia Republic Chechnya Grozny
50%
Somalia Region Woqooyi Galbeed Hargeisa
50%
China Province Anhui Hefei
50%
Ukraine Region ________ Ivano-Frankivsk
50%
China Province Gansu Lanzhou
50%
Indonesia Province South Sulawesi Makassar
50%
Belarus Region ________ Mogilev
50%
Ukraine Region ________ Mykolaiv
50%
Mexico State ________ Oaxaca
50%
Russia Region ________ Pskov
50%
Russia Region ________ Ryazan
50%
Honduras Department Cortés San Pedro Sula
50%
Ukraine Autonomous Republic Crimea Simferopol
50%
Russia Region ________ Smolensk
50%
Tunisia Province ________ Sousse
50%
Chile Region ________ Valparaíso
50%
Russia Region ________ Veliky Novgorod
50%
Germany State Hesse Wiesbaden
50%
Egypt Province ________ Aswan
46%
Angola Province ________ Benguela
46%
Romania County ________ Brașov
46%
Russia Region ________ Bryansk
46%
Zimbabwe Province ________ Bulawayo
46%
Bolivia Department ________ Cochabamba
46%
South Korea Province ________ Daejeon
46%
Brazil State Santa Catarina Florianópolis
46%
South Korea Province ________ Gwangju
46%
China Province Hainan Haikou
46%
Mexico State Sonora Hermosillo
46%
Vietnam Province ________ Huế
46%
Russia Region ________ Ivanovo
46%
Russia Region ________ Kaluga
46%
Taiwan Municipality ________ Kaohsiung
46%
Russia Region ________ Kirov
46%
Japan Prefecture ________ Kōchi
46%
Russia Territory ________ Krasnoyarsk
46%
Russia Region ________ Lipetsk
46%
Turkey Province ________ Mersin
46%
China Province Jiangxi Nanchang
46%
India State Bihar Patna
46%
Republic of the Congo Department ________ Pointe-Noire
46%
India Territory ________ Pondicherry
46%
Brazil State Rondônia Porto Velho
46%
Oman Province Dhofar Salalah
46%
Argentina Province ________ Santa Fe
46%
Cambodia Province ________ Siem Reap
46%
Mexico State México Toluca de Lerdo
46%
Russia Region ________ Tomsk
46%
Chile Region ________ Antofagasta
42%
Tanzania Region ________ Arusha
42%
Venezuela State Lara Barquisimeto
42%
Brazil State Roraima Boa Vista
42%
Uzbekistan Region ________ Bukhara
42%
Poland Province Kuyavia-Pomerania Bydgoszcz
42%
Cuba Province ________ Camagüey
42%
China Province Jilin Changchun
42%
Ukraine Region ________ Cherkasy
42%
Venezuela State ________ Ciudad Bolívar
42%
Vietnam Municipality ________ Cần Thơ
42%
Saudi Arabia Region Eastern Province Dammam
42%
Cuba Province ________ Guantánamo
42%
China Province Guizhou Guiyang
42%
North Korea Province South Hamgyong Hamhung
42%
China Region Inner Mongolia Hohhot
42%
Angola Province ________ Huambo
42%
Indonesia Province Papua Jayapura
42%
Malaysia State ________ Johor Bahru
42%
Japan Prefecture ________ Kagoshima
42%
Democratic Republic of the Congo Province Kasaï-Central Kananga
42%
Bangladesh Division ________ Khulna
42%
Argentina Province ________ La Plata
42%
Syria Province ________ Latakia
42%
Afghanistan Province Balkh Mazar-i-Sharif
42%
Democratic Republic of the Congo Province Kasaï-Oriental Mbuji-Mayi
42%
Argentina Province ________ Mendoza
42%
Tanzania Region ________ Mwanza
42%
Japan Prefecture ________ Okayama
42%
Russia Region ________ Orenburg
42%
Russia Region ________ Oryol
42%
Indonesia Province South Sumatra Palembang
42%
Pakistan Province Khyber Pakhtunkhwa Peshawar
42%
Ukraine Region ________ Poltava
42%
Pakistan Province Balochistan Quetta
42%
Senegal Region ________ Saint-Louis
42%
Argentina Province ________ Salta
42%
Turkey Province ________ Samsun
42%
Mexico State ________ San Luis Potosí
42%
El Salvador Department ________ Santa Ana
42%
Cuba Province ________ Santa Clara
42%
United Arab Emirates Emirate ________ Sharjah
42%
Taiwan Municipality ________ Tainan
42%
China Province Shanxi Taiyuan
42%
Brazil State Piauí Teresina
42%
Senegal Region ________ Thiès
42%
Peru Departament La Libertad Trujillo
42%
South Korea Province ________ Ulsan
42%
Belarus Region ________ Vitebsk
42%
Russia Region ________ Vladimir
42%
Netherlands Country Curaçao Willemstad
42%
Russia Region ________ Yaroslavl
42%
Jordan Province ________ Zarqa
42%
Mexico State ________ Aguascalientes
38%
Iran Province Khuzestan Ahvaz
38%
Japan Prefecture ________ Akita
38%
Kazakhstan Region ________ Aktobe
38%
Egypt Province ________ Asyut
38%
Indonesia Province ________ Banda Aceh
38%
Iran Province Hormozgān Bandar Abbas
38%
Israel District Southern Beersheba
38%
Mozambique Province Sofala Beira
38%
Mexico State ________ Campeche
38%
Brazil State Mato Grosso do Sul Campo Grande
38%
Ukraine Region ________ Chernivtsi
38%
Romania County Dolj Craiova
38%
Ecuador Province Azuay Cuenca
38%
India State Assam Dispur (Guwahati)
38%
Romania County ________ Galați
38%
Russia Republic Udmurtia Izhevsk
38%
Afghanistan Province Nangarhar Jalalabad
38%
Indonesia Province ________ Jambi
38%
China Province Shandong Jinan
38%
Brazil State Paraíba João Pessoa
38%
Nigeria State ________ Kaduna
38%
Iran Province ________ Kerman
38%
Democratic Republic of the Congo Province Tshopo Kisangani
38%
Brazil State Alagoas Maceió
38%
Nigeria State Borno Maiduguri
38%
Russia Republic Dagestan Makhachkala
38%
Venezuela State Aragua Maracay
38%
Japan Prefecture ________ Miyazaki
38%
Japan Prefecture ________ Niigata
38%
Kyrgyzstan City ________ Osh
38%
Kyrgyzstan Region ________ Osh
38%
Colombia Department Nariño Pasto
38%
Russia Region ________ Penza
38%
Russia Republic Karelia Petrozavodsk
38%
Mexico State ________ Querétaro
38%
Iran Province Gilan Rasht
38%
Indonesia Province Central Java Semarang
38%
India Territory ________ Srinagar | Jammu
38%
Russia Territory ________ Stavropol
38%
Ukraine Region ________ Sumy
38%
Yemen Province ________ Taiz
38%
Turkey Province ________ Trabzon
38%
Russia Region ________ Tver
38%
Russia Region ________ Tyumen
38%
Mexico State Tabasco Villahermosa
38%
India State Andhra Pradesh Visakhapatnam
38%
Russia Republic North Ossetia-Alania Vladikavkaz
38%
Iran Province ________ Yazd
38%
Indonesia Province Maluku Ambon
35%
Myanmar Region ________ Bago
35%
Bangladesh Division ________ Barishal
35%
Burkina Faso Region Hauts-Bassins Bobo-Dioulasso
35%
Colombia Department Santander Bucaramanga
35%
Philippines Region Northern Mindanao Cagayan de Oro
35%
Russia Territory Zabaykalsky Chita
35%
North Korea Province North Hamgyong Chongjin
35%
Colombia Department Norte de Santander Cúcuta
35%
Mexico State Sinaloa Culiacán
35%
Turkey Province ________ Denizli
35%
Turkey Province ________ Diyarbakır
35%
Nigeria State ________ Enugu
35%
Turkey Province ________ Eskişehir
35%
Argentina Province ________ Formosa
35%
Iran Province ________ Hamadan
35%
Cuba Province ________ Holguín
35%
Colombia Department Tolima Ibagué
35%
Yemen Province ________ Ibb
35%
Nigeria State Kwara Ilorin
35%
Jordan Province ________ Irbid
35%
Turkey Province Kocaeli Izmit
35%
Nigeria State Plateau Jos
35%
Kazakhstan Region ________ Karaganda
35%
Iran Province Alborz Karaj
35%
Iraq Province ________ Karbala
35%
Turkey Province ________ Kayseri
35%
Iran Province ________ Kermanshah
35%
Ukraine Region ________ Khmelnytskyi
35%
Russia Region ________ Kostroma
35%
Morocco Region ________ Laâyoune
35%
Chile Region Coquimbo La Serena
35%
Brazil State Amapá Macapá
35%
Turkey Province ________ Manisa
35%
Bangladesh Division ________ Mymensingh
35%
Kenya County ________ Nakuru
35%
Russia Republic Kabardino-Balkar Nalchik
35%
Mozambique Province ________ Nampula
35%
Indonesia Province West Sumatra Padang
35%
Colombia Department Risaralda Pereira
35%
South Africa Province KwaZulu-Natal Pietermaritzburg
35%
Peru Departament ________ Piura
35%
Indonesia Province West Kalimantan Pontianak
35%
Iran Province ________ Qazvin
35%
Bangladesh Division ________ Rajshahi
35%
Bangladesh Division ________ Rangpur
35%
Syria Province ________ Raqqa
35%
Argentina Province Chaco Resistencia
35%
Japan Prefecture ________ Saitama
35%
Mexico State Coahuila Saltillo
35%
Russia Republic Mordovia Saransk
35%
China Province Hebei Shijiazhuang
35%
Kazakhstan City ________ Shymkent
35%
Nigeria State ________ Sokoto
35%
Bangladesh Division ________ Sylhet
35%
Saudi Arabia Region ________ Tabuk
35%
Taiwan Municipality ________ Taichung
35%
Ghana Region Northern Tamale
35%
Russia Region ________ Tambov
35%
Egypt Province Gharbia Tanta
35%
Mexico State Nayarit Tepic
35%
Ukraine Region ________ Ternopil
35%
Russia Region ________ Ulyanovsk
35%
Iran Province West Azerbaijan Urmia
35%
Ukraine Region ________ Vinnytsia
35%
Russia Region ________ Vologda
35%
Mexico State Veracruz Xalapa
35%
China Region Ningxia Yinchuan
35%
Indonesia Province ________ Yogyakarta
35%
Russia Region ________ Yuzhno-Sakhalinsk
35%
Iran Province Sistan and Baluchestan Zahedan
35%
Ukraine Region ________ Zhytomyr
35%
Niger Region ________ Zinder
35%
Yemen Province ________ Al Hudaydah
31%
Qatar Municipality ________ Al Rayyan
31%
Algeria Province ________ Annaba
31%
Japan Prefecture ________ Aomori
31%
Iran Province Markazi Arak
31%
Kazakhstan Region ________ Atyrau
31%
Indonesia Province ________ Bandar Lampung
31%
Russia Territory Altai Barnaul
31%
Indonesia Province ________ Bengkulu
31%
India State Odisha Bhubaneswar
31%
Algeria Province ________ Blida
31%
Ivory Coast Region Gbêkê Bouaké
31%
Democratic Republic of the Congo Province South Kivu Bukavu
31%
India State Haryana Chandigarh
31%
India State Punjab Chandigarh
31%
India Territory ________ Chandigarh
31%
Russia Republic Chuvashia Cheboksary
31%
Japan Prefecture ________ Chiba
31%
Peru Departament Lambayeque Chiclayo
31%
Mexico State Morelos Cuernavaca
31%
Brazil State Mato Grosso Cuiabá
31%
Egypt Province ________ Damietta
31%
Ethiopia City ________ Dire Dawa
31%
Algeria Province ________ Djelfa
31%
Kenya County Uasin Gishu Eldoret
31%
Turkey Province ________ Erzurum
31%
Egypt Province ________ Faiyum
31%
Japan Prefecture ________ Fukushima
31%
Cameroon Region North Garoua
31%
Democratic Republic of the Congo Province North Kivu Goma
31%
Saudi Arabia Region ________ Ha'il
31%
Peru Departament Junín Huancayo
31%
Peru Departament ________ Huánuco
31%
Peru Departament ________ Ica
31%
India State Manipur Imphal
31%
Turkey Province ________ Kahramanmaraş
31%
Russia Region ________ Kemerovo
31%
Russia Territory ________ Khabarovsk
31%
Malaysia State Sabah Kota Kinabalu
31%
Malaysia State Sarawak Kuching
31%
Japan Prefecture ________ Kumamoto
31%
Angola Province Huíla Lubango
31%
Ukraine Region Volyn Lutsk
31%
Indonesia Province North Sulawesi Manado
31%
Egypt Province Dakahlia Mansoura
31%
Ethiopia Region Tigray Mek'ele
31%
Mexico State Michoacán Morelia
31%
Iraq Province ________ Najaf
31%
Uzbekistan Republic Karakalpakstan Nukus
31%
Brazil State Tocantins Palmas
31%
Indonesia Province Riau Pekanbaru
31%
South Africa Province Limpopo Polokwane | Pietersburg
31%
Mozambique Province Zambezia Quelimane
31%
Brazil State Acre Rio Branco
31%
Venezuela State Táchira San Cristóbal
31%
Lebanon Province South Sidon
31%
Peru Departament ________ Tacna
31%
Taiwan Municipality ________ Taoyuan
31%
Mozambique Province ________ Tete
31%
China Province Qinghai Xining
31%
Iran Province ________ Zanjan
31%
Turkey Province Sakarya Adapazarı
27%
India State Tripura Agartala
27%
India State Mizoram Aizawl
27%
United Arab Emirates Emirate ________ Ajman
27%
Brazil State Sergipe Aracaju
27%
Iran Province ________ Ardabil
27%
Chile Region ________ Arica
27%
Colombia Department Quindío Armenia
27%
Indonesia Province South Kalimantan Banjarmasin
27%
India State Madhya Pradesh Bhopal
27%
Argentina Province ________ Catamarca
27%
Turkey Province ________ Çorum
27%
Turkey Province ________ Elazığ
27%
Japan Prefecture ________ Gifu
27%
Iran Province Golestan Gorgan
27%
Taiwan City ________ Hsinchu
27%
Egypt Province Red Sea Hurghada
27%
Chile Region Tarapacá Iquique
27%
Egypt Province ________ Ismailia
27%
Turkey Province ________ Isparta
27%
Sudan State ________ Kassala
27%
Nigeria State ________ Katsina
27%
Iran Province Lorestan Khorramabad
27%
South Africa Province Northern Cape Kimberley
27%
Kenya County ________ Kisumu
27%
Malaysia State ________ Kuala Terengganu
27%
Indonesia Province East Nusa Tenggara Kupang
27%
Russia Region ________ Kurgan
27%
Mozambique Province Maputo Matola
27%
Venezuela State Monagas Maturín
27%
Democratic Republic of the Congo Province Équateur Mbandaka
27%
Tanzania Region ________ Mbeya
27%
Myanmar State Kachin Myitkyina
27%
Japan Prefecture ________ Nagano
27%
Saudi Arabia Region ________ Najran
27%
Uzbekistan Region ________ Namangan
27%
India State Chhattisgarh Naya Raipur
27%
Zambia Province Copperbelt Ndola
27%
Argentina Province ________ Neuquén
27%
Japan Prefecture ________ Ōita
27%
Bolivia Department ________ Oruro
27%
Nigeria State Osun Oshogbo
27%
Morocco Region Oriental Oujda
27%
Mexico State Hidalgo Pachuca
27%
Indonesia Province Central Sulawesi Palu
27%
Benin Department Borgou Parakou
27%
Kazakhstan Region ________ Pavlodar
27%
Mozambique Province Cabo Delgado Pemba
27%
Nepal Province Gandaki Pokhara
27%
Egypt Province ________ Qena
27%
India State Jharkhand Ranchi
27%
Ukraine Region ________ Rivne
27%
Japan Prefecture ________ Saga
27%
Indonesia Province East Kalimantan Samarinda
27%
Turkey Province ________ Şanlıurfa
27%
Iran Province Mazandaran Sari
27%
Japan Prefecture ________ Shizuoka
27%
Mali Region ________ Sikasso
27%
Turkey Province ________ Sivas
27%
Azerbaijan City ________ Sumqayit
27%
Chile Region Araucanía Temuco
27%
India State Kerala Thiruvananthapuram
27%
Turkmenistan Region Lebap Türkmenabat
27%
Turkey Province ________ Uşak
27%
Japan Prefecture Tochigi Utsunomiya
27%
Colombia Department Cesar Valledupar
27%
Colombia Department Meta Villavicencio
27%
Vietnam Province Nghệ An Vinh
27%
Japan Prefecture ________ Wakayama
27%
Nigeria State Ogun Abeokuta
23%
Madagascar Province Vakinankaratra Antsirabe
23%
Peru Departament ________ Ayacucho
23%
Turkey Province ________ Aydın
23%
Ethiopia Region Amhara Bahir Dar
23%
Turkey Province ________ Balıkesir
23%
Cameroon Region Northwest Bamenda
23%
Algeria Province ________ Batna
23%
Egypt Province ________ Beni Suef
23%
Vietnam Province Đồng Nai Biên Hòa
23%
Iran Province South Khorasan Birjand
23%
Democratic Republic of the Congo Province Ituri Bunia
23%
Iran Province ________ Bushehr
23%
Nigeria State Cross River Calabar
23%
Peru City ________ Callao
23%
South Korea Province South Gyeongsang Changwon
23%
Mozambique Province Manica Chimoio
23%
Argentina Province ________ Corrientes
23%
Sudan State North Kordofan El Obeid
23%
India State Gujarat Gandhinagar
23%
Costa Rica Province ________ Heredia
23%
Philippines Region Western Visayas Iloilo
23%
Malaysia State Perak Ipoh
23%
Taiwan City ________ Keelung
23%
Tanzania Region ________ Kigoma
23%
Argentina Province ________ La Rioja
23%
Vietnam Province An Giang Long Xuyên
23%
Angola Province Moxico Luena
23%
Ecuador Province El Oro Machala
23%
Angola Province ________ Malanje
23%
Indonesia Province West Nusa Tenggara Mataram
23%
Japan Prefecture Ehime Matsuyama
23%
Colombia Department Córdoba Montería
23%
Malawi Region Northern Mzuzu
23%
Japan Prefecture ________ Nara
23%
Iraq Province Dhi Qar Nasiriyah
23%
Colombia Department Huila Neiva
23%
Sudan State South Darfur Nyala
23%
Kazakhstan Region East Kazakhstan Oskemen
23%
Turkey Province ________ Osmaniye
23%
Kazakhstan Region North Kazakhstan Petropavl
23%
Argentina Province Misiones Posadas
23%
Peru Departament Ucayali Pucallpa
23%
Iran Province Kurdistan Sanandaj
23%
Philippines Region Central Luzon San Fernando
23%
Colombia Department Magdalena Santa Marta
23%
Algeria Province ________ Sétif
23%
India State Meghalaya Shillong
23%
Egypt Province ________ Sohag
23%
Tanzania Region Ruvuma Songea
23%
Iraq Province ________ Sulaymaniyah
23%
Russia Republic Komi Syktyvkar
23%
Kazakhstan Region Jambyl Taraz
23%
North Korea Province Kangwon Wonsan
23%
Turkey Province ________ Adıyaman
19%
Turkey Province ________ Afyonkarahisar
19%
Turkey Province ________ Aksaray
19%
Sudan State North Darfur Al Fashir
19%
Sudan State ________ Al Qadarif
19%
Uzbekistan Region ________ Andijan
19%
Turkey Province Hatay Antakya
19%
Cameroon Region West Bafoussam
19%
Venezuela State ________ Barinas
19%
Russia Region Amur Blagoveshchensk
19%
Saudi Arabia Region Qassim Buraidah
19%
Peru Departament ________ Cajamarca
19%
Costa Rica Province ________ Cartago
19%
Taiwan City ________ Chiayi
19%
Angola Province Bié Cuíto
19%
Venezuela State Sucre Cumaná
19%
Ivory Coast Region Haut-Sassandra Daloa
19%
Syria Province ________ Deir ez-Zor
19%
Japan Prefecture ________ Fukui
19%
India State Uttarakhand Gairsain | Dehradun
19%
Vietnam Province Quảng Ninh Hạ Long
19%
South Korea Province North Jeolla Jeonju
19%
Senegal Region ________ Kaolack
19%
Indonesia Province Southeast Sulawesi Kendari
19%
Democratic Republic of the Congo Province Lualaba Kolwezi
19%
Ivory Coast Region Poro Korhogo
19%
Malaysia State Kelantan Kota Bharu
19%
Malaysia State Pahang Kuantan
19%
Turkey Province ________ Kütahya
19%
Kazakhstan Region ________ Kyzylorda
19%
Dominican Republic Province ________ La Romana
19%
Philippines Region Bicol Legazpi
19%
Japan Prefecture Gunma Maebashi
19%
Madagascar Province Boeny Mahajanga
19%
Turkey Province ________ Malatya
19%
Colombia Department Caldas Manizales
19%
Cameroon Region Far North Maroua
19%
Democratic Republic of the Congo Province Kongo Central Matadi
19%
Myanmar State Mon Mawlamyine
19%
Tanzania Region ________ Morogoro
19%
North Korea Special City ________ Nampo
19%
Vietnam Province Khánh Hòa Nha Trang
19%
Kazakhstan Region West Kazakhstan Oral
19%
Indonesia Province Central Kalimantan Palangka Raya
19%
Colombia Department Cauca Popayán
19%
Indonesia Province Banten Serang
19%
Malaysia State Selangor Shah Alam
19%
North Korea Province North Pyongan Sinuiju
19%
South Korea Province Gyeonggi Suwon
19%
Tanzania Region ________ Tanga
19%
Vietnam Province Bình Dương Thủ Dầu Một
19%
Japan Prefecture ________ Tokushima
19%
Japan Prefecture ________ Toyama
19%
Democratic Republic of the Congo Province Kasaï Tshikapa
19%
Japan Prefecture Mie Tsu
19%
Angola Province ________ Uíge
19%
Senegal Region ________ Ziguinchor
19%
Saudi Arabia Region Asir Abha
15%
Iraq Province Al-Qādisiyyah Al Diwaniyah
15%
Philippines Region Cordillera Baguio
15%
Philippines Region Caraga Butuan
15%
Mexico State Guerrero Chilpancingo
15%
Guatemala Department Alta Verapaz Cobán
15%
Venezuela State Falcón Coro
15%
Philippines Autonomous Region Muslim Mindanao Cotabato
15%
Vietnam Province Lâm Đồng Đà Lạt
15%
Uzbekistan Region ________ Fergana
15%
Haiti Department Artibonite Gonaïves
15%
Japan Prefecture Ishikawa Kanazawa
15%
Sierra Leone Province Eastern Kenema
15%
Kazakhstan Region ________ Kostanay
15%
Ukraine Region Kirovohrad Kropyvnytskyi
15%
Japan Prefecture Shimane Matsue
15%
Uganda District ________ Mbarara
15%
Japan Prefecture Iwate Morioka
15%
Thailand Province ________ Nonthaburi
15%
Japan Prefecture Shiga Ōtsu
15%
Argentina Province Entre Ríos Paraná
15%
Iraq Province Al Anbar Ramadi
15%
United Arab Emirates Emirate ________ Ras al-Khaimah
15%
Angola Province Lunda Sul Saurimo
15%
South Korea Province ________ Sejong
15%
Malaysia State Negeri Sembilan Seremban
15%
Egypt Province Monufia Shibin El Kom
15%
Angola Province Cuanza Sul Sumbe
15%
Philippines Region Eastern Visayas Tacloban
15%
Vietnam Province ________ Thanh Hóa
15%
Madagascar Province Atsinanana Toamasina
15%
Japan Prefecture ________ Yamagata
15%
Egypt Province Sharqia Zagazig
15%
Nigeria State Ondo Akure
12%
Kuwait Province ________ Al-Jahra
12%
Nigeria State ________ Bauchi
12%
Vietnam Province Đắk Lắk Buôn Ma Thuột
12%
Philippines Region Southern Tagalog Mainland Calamba
12%
South Korea Province North Chungcheong Cheongju
12%
Egypt Province Beheira Damanhur
12%
Iraq Province ________ Duhok
12%
Ethiopia Region Sidama Hawassa
12%
Ethiopia Region Southern Nations, Nationalities, and Peoples' Region Hawassa
12%
Iraq Province Babil Hillah
12%
Nigeria State Lagos Ikeja
12%
Zambia Province Central Kabwe
12%
Mozambique Province Niassa Lichinga
12%
Niger Region ________ Maradi
12%
Egypt Province ________ Minya
12%
Angola Province Namibe Moçâmedes
12%
Uzbekistan Region Qashqadaryo Qarshi
12%
Chile Region O'Higgins Rancagua
12%
Vietnam Province Kiên Giang Rạch Giá
12%
North Korea Province North Hwanghae Sariwon
12%
Colombia Department Sucre Sincelejo
12%
Oman Province Al Batinah North Sohar
12%
Japan Prefecture Kagawa Takamatsu
12%
Ghana Region Western Takoradi
12%
Chile Region Maule Talca
12%
Vietnam Province ________ Thái Nguyên
12%
Sudan State Al Jazirah Wad Madani
12%
Taiwan County Hsinchu Zhubei
12%
Kuwait Province ________ Al Farwaniyah
8%
Iraq Province Diyala Baqubah
8%
Vietnam Province ________ Bắc Ninh
8%
Nepal Province Province No. 1 Biratnagar
8%
Iran Province North Khorasan Bojnourd
8%
Taiwan County ________ Changhua
8%
Kuwait Province ________ Hawalli
8%
Vietnam Province ________ Hải Dương
8%
Angola Province Cuando Cubango Menongue
8%
Japan Prefecture Ibaraki Mito
8%
Kuwait Province ________ Mubarak Al-Kabeer
8%
Ecuador Province Manabí Portoviejo
8%
North Korea Province South Pyongan Pyongsong
8%
Vietnam Province Bình Định Qui Nhơn
8%
Iraq Province Muthanna Samawah
8%
Algeria Province ________ Sidi Bel Abbès
8%
South Korea Province Gangwon Chuncheon
4%
North Korea Province South Hwanghae Haeju
4%
North Korea Province Chagang Kanggye
4%
Venezuela State Miranda Los Teques
4%
No matching quizzes found
Score Distribution
Percent of People with Each Score
Percentile by Number Answered
Your Score History
You have not taken this quiz since the last reset